[Event "Olimpiada Dresden 2008 Femenina"]
[Site "Dresden GER"]
[Date "2008.11.19"]
[Round "6.30"]
[White "Ghader Pour, Shayesteh"]
[Black "Castaneda, Ada"]
[Result "1-0"]
[WhiteElo "2149"]
[BlackElo "2068"]
[PlyCount "62"]
[EventDate "2008.11.13"]
[EventType "team-tourn"]
[EventRounds "11"]
[EventCountry "GER"]
[Source "lmi"]
[SourceDate "2008.11.13"]
[WhiteTeam "Irán"]
[BlackTeam "El Salvador"]
[WhiteTeamCountry "IRI"]
[BlackTeamCountry "ESA"]

1. e4 e5 2. Nf3 Nc6 3. Bb5 f5 4. Nc3 fxe4 5. Nxe4 Nf6 6. Nxf6+ Qxf6 7. Qe2 Be7
8. Bxc6 bxc6 9. d3 d6 10. Bg5 Qe6 11. Bxe7 Qxe7 12. Qe4 Bd7 13. O-O Rb8 14. d4
exd4 15. Qxd4 O-O 16. Rfe1 Qf7 17. b3 c5 18. Qh4 Bc6 19. Re7 Qg6 20. Qg5 Bxf3
21. Qxg6 hxg6 22. gxf3 Rxf3 23. Rxc7 Re8 24. Rxa7 Re2 25. Rf1 Rxc2 26. Kg2 Rf6
27. Kg3 g5 28. h3 Kh7 29. f3 d5 30. Rd7 d4 31. b4 cxb4 1-0

[Event "Olimpiada Dresden 2008 Femenina"]
[Site "Dresden GER"]
[Date "2008.11.19"]
[Round "6.30"]
[White "Sanchez, Ingrid"]
[Black "Salman Mahini, Mona"]
[Result "1-0"]
[WhiteElo "1964"]
[BlackElo "2113"]
[PlyCount "72"]
[EventDate "2008.11.13"]
[EventType "team-tourn"]
[EventRounds "11"]
[EventCountry "GER"]
[Source "lmi"]
[SourceDate "2008.11.13"]
[WhiteTeam "El Salvador"]
[BlackTeam "Irán"]
[WhiteTeamCountry "ESA"]
[BlackTeamCountry "IRI"]

1. d4 f5 2. Nc3 Nf6 3. Bg5 d5 4. Bxf6 exf6 5. e3 Be6 6. Bd3 Qd7 7. Nge2 Nc6 8.
Nf4 Bf7 9. Qf3 O-O-O 10. O-O-O h5 11. h4 Ne7 12. Kb1 g5 13. Nfe2 g4 14. Qg3 a6
15. Nf4 Kb8 16. Nce2 Nc8 17. Qh2 Nd6 18. Qg1 Ne4 19. g3 Ka7 20. Qe1 b6 21. Rc1
Nd6 22. Rd1 Be7 23. Nc1 c5 24. dxc5 bxc5 25. Bf1 Qc6 26. Bg2 Ne4 27. Bxe4 fxe4
28. Nce2 f5 29. Qd2 Bf6 30. c3 Rd7 31. Rc1 Rb8 32. Rc2 Qa4 33. Nc1 d4 34. cxd4
cxd4 35. exd4 Rxd4 36. Qe2 Rdb4 1-0

[Event "Olimpiada Dresden 2008 Femenina"]
[Site "Dresden GER"]
[Date "2008.11.19"]
[Round "6.31"]
[White "Lujan, Carolina"]
[Black "Mezioud, Amina"]
[Result "1-0"]
[WhiteElo "2366"]
[BlackElo "2028"]
[PlyCount "75"]
[EventDate "2008.11.13"]
[EventType "team-tourn"]
[EventRounds "11"]
[EventCountry "GER"]
[Source "lmi"]
[SourceDate "2008.11.13"]
[WhiteTeam "Argentina"]
[BlackTeam "Argelia"]
[WhiteTeamCountry "ARG"]
[BlackTeamCountry "ALG"]

1. e4 d6 2. d4 Nf6 3. Bd3 e5 4. c3 Be7 5. h3 Nbd7 6. Nf3 c6 7. a4 O-O 8. O-O
Qc7 9. Re1 Re8 10. a5 Bf8 11. Nbd2 g6 12. dxe5 dxe5 13. b4 Nh5 14. Nc4 Bg7 15.
Be3 Nf4 16. Bf1 Ne6 17. Qd6 Bf8 18. Qd2 f5 19. exf5 gxf5 20. Bh6 e4 21. Nh4 Nf6
22. Nxf5 Rd8 23. Qa2 Kh8 24. Bxf8 Rxf8 25. Ng3 Ng5 26. Qd2 Qg7 27. h4 Nf7 28.
Nxe4 Nd5 29. Ng5 Nxg5 30. hxg5 Nxc3 31. Ne5 Nd5 32. b5 Rf5 33. Nf3 Bd7 34. a6
b6 35. bxc6 Bxc6 36. Nd4 Rxg5 37. Ne6 Qf6 38. Qxg5 1-0

[Event "Olimpiada Dresden 2008 Femenina"]
[Site "Dresden GER"]
[Date "2008.11.19"]
[Round "6.31"]
[White "Latreche, Sabrina"]
[Black "Amura, Claudia"]
[Result "0-1"]
[WhiteElo "2015"]
[BlackElo "2344"]
[PlyCount "54"]
[EventDate "2008.11.13"]
[EventType "team-tourn"]
[EventRounds "11"]
[EventCountry "GER"]
[Source "lmi"]
[SourceDate "2008.11.13"]
[WhiteTeam "Argelia"]
[BlackTeam "Argentina"]
[WhiteTeamCountry "ALG"]
[BlackTeamCountry "ARG"]

1. Nh3 c5 2. g3 d5 3. Bg2 Nc6 4. O-O Nf6 5. c4 e6 6. cxd5 exd5 7. d3 Be7 8. Bg5
O-O 9. Nc3 d4 10. Bxf6 Bxf6 11. Ne4 Be7 12. Rc1 b6 13. Nf4 Bb7 14. Nd5 Rc8 15.
e3 Re8 16. Nxe7+ Qxe7 17. Qh5 Nb4 18. Nd6 Qxd6 19. Bxb7 Rc7 20. Be4 g6 21. Qh6
Nxa2 22. Ra1 Nb4 23. f4 f5 24. Bxf5 dxe3 25. Be4 e2 26. Rf2 Nxd3 27. f5 Rxe4
0-1

[Event "Olimpiada Dresden 2008 Femenina"]
[Site "Dresden GER"]
[Date "2008.11.19"]
[Round "6.31"]
[White "Zuriel, Marisa"]
[Black "Latreche, Khadidja"]
[Result "1-0"]
[WhiteElo "2189"]
[BlackElo "1819"]
[PlyCount "91"]
[EventDate "2008.11.13"]
[EventType "team-tourn"]
[EventRounds "11"]
[EventCountry "GER"]
[Source "lmi"]
[SourceDate "2008.11.13"]
[WhiteTeam "Argentina"]
[BlackTeam "Argelia"]
[WhiteTeamCountry "ARG"]
[BlackTeamCountry "ALG"]

1. e4 c5 2. Nf3 d6 3. d4 cxd4 4. Nxd4 Nf6 5. Nc3 g6 6. Be3 Bg7 7. f3 Nc6 8. Qd2
h5 9. Bc4 Bd7 10. Bb3 Rc8 11. O-O-O Ne5 12. Kb1 Nc4 13. Bxc4 Rxc4 14. Rhe1 a6
15. Nb3 b5 16. Bg5 Nh7 17. Bh6 Bxc3 18. bxc3 f6 19. Bg7 Rg8 20. Qh6 Kf7 21.
Qxh7 Rxg7 22. Qh6 Rxc3 23. Qd2 Qc7 24. f4 a5 25. e5 fxe5 26. fxe5 Bf5 27. exd6
exd6 28. Nd4 Qc5 29. Nxf5 gxf5 30. Qh6 Rg6 31. Qh7+ Rg7 32. Qxh5+ Rg6 33. Qh7+
Rg7 34. Qh5+ Rg6 35. Qe2 Qb4+ 36. Ka1 Rc8 37. Rd3 Qc4 38. Kb1 Qb4+ 39. Rb3 Qg4
40. Qxb5 f4 41. Qxa5 Qxg2 42. Qf5+ Rf6 43. Qxc8 f3 44. Qe8+ Kg7 45. Rb7+ Kh6
46. Qh8+ 1-0

[Event "Olimpiada Dresden 2008 Femenina"]
[Site "Dresden GER"]
[Date "2008.11.19"]
[Round "6.32"]
[White "Yueh, Elsa Wei Chung"]
[Black "Sanchez Castillo, Sarai"]
[Result "0-1"]
[WhiteElo "1612"]
[BlackElo "2206"]
[PlyCount "82"]
[EventDate "2008.11.13"]
[EventType "team-tourn"]
[EventRounds "11"]
[EventCountry "GER"]
[Source "lmi"]
[SourceDate "2008.11.13"]
[WhiteTeam "TPE"]
[BlackTeam "Venezuela"]
[BlackTeamCountry "VEN"]

1. e4 e5 2. Nf3 Nf6 3. Nxe5 d6 4. Nf3 Nxe4 5. d4 d5 6. Bd3 Bd6 7. O-O O-O 8. c4
c6 9. Qc2 Na6 10. a3 f5 11. Nc3 Nc7 12. Ne2 Ne6 13. b4 Kh8 14. Bb2 Bd7 15. Ne5
a5 16. f3 Bxe5 17. dxe5 dxc4 18. Bxe4 fxe4 19. Qxe4 axb4 20. Qxc4 bxa3 21. Bxa3
b5 22. Qe4 Ra4 23. Qd3 b4 24. Bb2 c5 25. Rad1 Bc8 26. Qb3 Qe8 27. Rd6 Nc7 28.
Rfd1 Be6 29. Qe3 Ra2 30. R6d2 Qb5 31. Nf4 c4 32. Rd8 Ra8 33. Rxa8 Rxa8 34. Qe4
Re8 35. Bd4 c3 36. Ra1 Qc4 37. Qe3 Nb5 38. Bb6 b3 39. Nh5 b2 40. Re1 c2 41. Qg5
Rg8 0-1

[Event "Olimpiada Dresden 2008 Femenina"]
[Site "Dresden GER"]
[Date "2008.11.19"]
[Round "6.32"]
[White "Ubaldo Suarez, Maria Gisela"]
[Black "Chen, I Chen"]
[Result "1-0"]
[WhiteElo "2089"]
[BlackElo "1725"]
[PlyCount "54"]
[EventDate "2008.11.13"]
[EventType "team-tourn"]
[EventRounds "11"]
[EventCountry "GER"]
[Source "lmi"]
[SourceDate "2008.11.13"]
[WhiteTeam "Venezuela"]
[BlackTeam "TPE"]
[WhiteTeamCountry "VEN"]

1. e4 d6 2. d4 Nf6 3. Nc3 g6 4. f4 Bg7 5. Nf3 O-O 6. Bd3 Na6 7. O-O c5 8. d5
Rb8 9. Kh1 Bg4 10. a3 Nc7 11. Qe1 b5 12. Qh4 c4 13. Be2 e6 14. dxe6 fxe6 15. f5
exf5 16. Bg5 h6 17. Bxh6 Nxe4 18. Ng5 Bxc3 19. Bxg4 Bd2 20. Bg7 Qxg5 21. Qh8+
Kf7 22. Qh7 Ke6 23. Bxf8 Rxf8 24. Bf3 Qe7 25. Qxg6+ Qf6 26. Qh7 Rh8 27. Qxc7
Rxh2+ 1-0

[Event "Olimpiada Dresden 2008 Femenina"]
[Site "Dresden GER"]
[Date "2008.11.19"]
[Round "6.32"]
[White "Lin, Yu-Tong Elaine"]
[Black "Han Wong, Irene Estefania"]
[Result "0-1"]
[WhiteElo "1487"]
[BlackElo "2098"]
[PlyCount "169"]
[EventDate "2008.11.13"]
[EventType "team-tourn"]
[EventRounds "11"]
[EventCountry "GER"]
[Source "lmi"]
[SourceDate "2008.11.13"]
[WhiteTeam "TPE"]
[BlackTeam "Venezuela"]
[BlackTeamCountry "VEN"]

1. Nf3 d5 2. d4 e6 3. c4 Nf6 4. Nc3 Be7 5. Bg5 O-O 6. e3 h6 7. Bh4 b6 8. cxd5
exd5 9. Bd3 Bb7 10. O-O Nbd7 11. Rc1 Re8 12. Bg3 c6 13. h3 Bf8 14. Qc2 Bb4 15.
Nd2 Qe7 16. a3 Bd6 17. Bxd6 Qxd6 18. b4 Qe7 19. Qb2 Rad8 20. Rfe1 Nf8 21. Ne2
Ne6 22. Nf3 Nd7 23. a4 Ng5 24. Nd2 Nf6 25. Nf4 Nge4 26. Bxe4 Nxe4 27. Nxe4 Qxe4
28. b5 c5 29. f3 Qe7 30. dxc5 bxc5 31. Qa3 c4 32. Qxe7 Rxe7 33. Kf2 Rde8 34. g4
Kf8 35. h4 g6 36. Ng2 Kg7 37. Red1 g5 38. Rc3 f5 39. gxf5 Rf8 40. hxg5 hxg5 41.
Rg1 Kf6 42. Ne1 Kxf5 43. Nc2 Rh7 44. Nd4+ Kf6 45. a5 Bc8 46. Rcc1 Bf5 47. Rg2
Rff7 48. Rcg1 Rh5 49. Ke2 Rc7 50. Rc1 Bh3 51. Rf2 Ke5 52. Kd2 g4 53. f4+ Kd6
54. Rg1 Rf7 55. Kc3 Rh8 56. Kb4 Re8 57. Rg3 Rc8 58. Kc3 Re8 59. Rb2 Rb7 60. b6
axb6 61. a6 Rbb8 62. a7 Rb7 63. Kb4 Ra8 64. Ra2 Kd7 65. Nb5 Kc6 66. Nd4+ Kd7
67. Nb5 Kc6 68. f5 Rf7 69. Rf2 Rf6 70. e4 dxe4 71. Rc3 g3 72. Rxc4+ Kd5 73.
Nc3+ Kd6 74. Nxe4+ Ke5 75. Nxg3 Rxa7 76. Re2+ Kd6 77. Ne4+ Ke5 78. Nf2+ Kxf5
79. Nxh3 Ra1 80. Rf4+ Kg6 81. Rg2+ Kf7 82. Ng5+ Kg7 83. Ne6+ Kf7 84. Nd8+ Ke7
85. Rg7+ 0-1

[Event "Olimpiada Dresden 2008 Femenina"]
[Site "Dresden GER"]
[Date "2008.11.19"]
[Round "6.34"]
[White "Basta-Sohair, F."]
[Black "Greeff, Melissa"]
[Result "0-1"]
[WhiteElo "2051"]
[BlackElo "1963"]
[PlyCount "110"]
[EventDate "2008.11.13"]
[EventType "team-tourn"]
[EventRounds "11"]
[EventCountry "GER"]
[Source "lmi"]
[SourceDate "2008.11.13"]
[WhiteTeam "Egipto"]
[BlackTeam "Sudáfrica"]
[WhiteTeamCountry "EGY"]
[BlackTeamCountry "RSA"]

1. d4 d5 2. Nf3 Nf6 3. g3 Bf5 4. Bg2 c6 5. O-O Nbd7 6. c4 e6 7. Qb3 Qb6 8. c5
Qc7 9. Bf4 Qc8 10. Nbd2 Be7 11. Rac1 b6 12. cxb6 axb6 13. Ne5 Nxe5 14. Bxe5 Qb7
15. Rc3 O-O 16. Rfc1 Rfc8 17. Nf3 Ne4 18. R3c2 Nd6 19. Rc3 Nb5 20. Re3 f6 21.
a4 Na7 22. g4 Bxg4 23. Bg3 c5 24. h3 Bf5 25. a5 b5 26. dxc5 Nc6 27. Nh4 Nxa5
28. Qd1 Be4 29. b4 Nc4 30. Rec3 Bxg2 31. Nxg2 Ra4 32. Rb1 e5 33. e3 Ra2 34. Qg4
Kh8 35. Rd3 Rd8 36. Qe6 Ra6 37. Qg4 g6 38. Rdd1 f5 39. Qe2 Qa8 40. Nh4 Ra2 41.
Qe1 Bf6 42. Nf3 d4 43. Nd2 Nb2 44. exd4 e4 45. Nb3 Nxd1 46. Rxd1 Qd5 47. Qe3
Ra3 48. Rb1 g5 49. Bd6 f4 50. Qc3 Qf5 51. Kh2 e3 52. Re1 Ra2 53. Rf1 g4 54. Nc1
g3+ 55. Kg1 Qxh3 0-1

[Event "Olimpiada Dresden 2008 Femenina"]
[Site "Dresden GER"]
[Date "2008.11.19"]
[Round "6.34"]
[White "Ellappen, Jenine"]
[Black "Mona, Khaled"]
[Result "0-1"]
[WhiteElo "1917"]
[BlackElo "1967"]
[PlyCount "76"]
[EventDate "2008.11.13"]
[EventType "team-tourn"]
[EventRounds "11"]
[EventCountry "GER"]
[Source "lmi"]
[SourceDate "2008.11.13"]
[WhiteTeam "Sudáfrica"]
[BlackTeam "Egipto"]
[WhiteTeamCountry "RSA"]
[BlackTeamCountry "EGY"]

1. e4 c5 2. Nf3 d6 3. d4 cxd4 4. Nxd4 Nf6 5. Nc3 e6 6. g4 h6 7. h4 Be7 8. Rg1
d5 9. exd5 Nxd5 10. Bb5+ Kf8 11. Nxd5 Qxd5 12. Be2 Bxh4 13. Be3 Bg5 14. f4 Bh4+
15. Kf1 Bd7 16. c4 Qa5 17. a3 a6 18. b4 Qc7 19. Rc1 Nc6 20. Nf3 Bf6 21. Bc5+
Be7 22. Be3 Rd8 23. Qc2 Bf6 24. Kf2 e5 25. Bc5+ Kg8 26. g5 hxg5 27. fxg5 Be7
28. g6 Bxc5+ 29. bxc5 f6 30. Rh1 Rxh1 31. Rxh1 Ne7 32. c6 Qxc6 33. c5 Be6 34.
Kf1 e4 35. Nd2 f5 36. Bc4 e3 37. Bxe6+ Qxe6 38. Nf3 Nxg6 0-1

[Event "Olimpiada Dresden 2008 Femenina"]
[Site "Dresden GER"]
[Date "2008.11.19"]
[Round "6.34"]
[White "Alaa El Din, Yosra"]
[Black "Sischy, Monique Sian"]
[Result "1/2-1/2"]
[WhiteElo "1949"]
[BlackElo "1965"]
[PlyCount "130"]
[EventDate "2008.11.13"]
[EventType "team-tourn"]
[EventRounds "11"]
[EventCountry "GER"]
[Source "lmi"]
[SourceDate "2008.11.13"]
[WhiteTeam "Egipto"]
[BlackTeam "Sudáfrica"]
[WhiteTeamCountry "EGY"]
[BlackTeamCountry "RSA"]

1. e4 c5 2. Nc3 Nc6 3. f4 e6 4. Bb5 d5 5. Bxc6+ bxc6 6. d3 Nf6 7. e5 Nd7 8. Nf3
Be7 9. O-O O-O 10. Qe1 Ba6 11. Qg3 Kh8 12. Qh3 c4 13. dxc4 Bxc4 14. Rd1 Qb6+
15. Kh1 Rab8 16. Nh4 Qf2 17. Nf3 Qxc2 18. Nd4 Qf2 19. Nxc6 Rbe8 20. Nxe7 Rxe7
21. b3 Ba6 22. Be3 Qb2 23. Bxa7 Rc8 24. Bd4 Qa3 25. Qe3 Nc5 26. Ne2 Ne4 27. Ng3
Nxg3+ 28. hxg3 Rec7 29. Rd2 Rc2 30. Qf2 R2c6 31. Rb1 h6 32. b4 Rc1+ 33. Rxc1
Rxc1+ 34. Kh2 Qxb4 35. Rb2 Qc4 36. g4 Rf1 37. Qd2 Qa4 38. Rb4 Qa3 39. Be3 Bc4
40. Rb2 Ra1 41. Qc2 g6 42. Bd4 Rxa2 43. Rxa2 Qxa2 44. Qxa2 Bxa2 45. f5 gxf5 46.
gxf5 Kh7 47. f6 Kg6 48. Kg3 Kf5 49. Kf3 h5 50. g3 Bb1 51. Ke3 Bc2 52. Bc3 Kg4
53. Kf2 Kf5 54. Ke3 Bd1 55. Bd4 Bg4 56. Bc3 Kg6 57. Kf4 Kh7 58. Kg5 Kg8 59. Bd4
Kf8 60. Kh6 Ke8 61. Kg5 Kd7 62. Kh6 Be2 63. Kg7 Ke8 64. Kh6 Bf3 65. Bc3 Bg4
1/2-1/2

[Event "Olimpiada Dresden 2008 Femenina"]
[Site "Dresden GER"]
[Date "2008.11.19"]
[Round "6.35"]
[White "Al-Khelaifi, Salama"]
[Black "Vojinovic, Jovana"]
[Result "0-1"]
[WhiteElo "1707"]
[BlackElo "2332"]
[PlyCount "71"]
[EventDate "2008.11.13"]
[EventType "team-tourn"]
[EventRounds "11"]
[EventCountry "GER"]
[Source "lmi"]
[SourceDate "2008.11.13"]
[WhiteTeam "Qatar"]
[BlackTeam "MNE"]
[WhiteTeamCountry "QAT"]

1. Nf3 Nf6 2. c4 c5 3. Nc3 Nc6 4. d4 cxd4 5. Nxd4 g6 6. e4 d6 7. Be2 Bg7 8. Be3
O-O 9. O-O Bd7 10. Nb3 Rc8 11. f4 Na5 12. Nd2 b6 13. Rc1 Be6 14. b3 Bd7 15. Qe1
Bc6 16. Qh4 e6 17. Qf2 d5 18. cxd5 exd5 19. e5 Ne4 20. Ndxe4 dxe4 21. b4 Nb7
22. b5 Bd7 23. Nxe4 Qe7 24. Rfd1 Be6 25. Bf3 Rxc1 26. Rxc1 Na5 27. g4 Bd5 28.
Nf6+ Bxf6 29. exf6 Qe6 30. f5 Qe5 31. Bxd5 Qxd5 32. Qf4 Qd8 33. Bd4 h6 34. Rc8
g5 35. Rxd8 gxf4 36. Rd7 0-1

[Event "Olimpiada Dresden 2008 Femenina"]
[Site "Dresden GER"]
[Date "2008.11.19"]
[Round "6.35"]
[White "Al-Khelaifi, Aisha"]
[Black "Mijovic, Aleksandra"]
[Result "0-1"]
[WhiteElo "1640"]
[BlackElo "2176"]
[PlyCount "91"]
[EventDate "2008.11.13"]
[EventType "team-tourn"]
[EventRounds "11"]
[EventCountry "GER"]
[Source "lmi"]
[SourceDate "2008.11.13"]
[WhiteTeam "Qatar"]
[BlackTeam "MNE"]
[WhiteTeamCountry "QAT"]

1. d4 Nf6 2. Nf3 e6 3. c4 d5 4. Nc3 Be7 5. Bg5 O-O 6. e3 Ne4 7. Bxe7 Qxe7 8.
Qc2 Nxc3 9. Qxc3 dxc4 10. Qxc4 c6 11. Bd3 Nd7 12. O-O e5 13. Qc2 h6 14. Rfe1
Re8 15. Bc4 e4 16. Nd2 Nf6 17. Rec1 Kh8 18. b4 a6 19. a4 Be6 20. Bf1 Qxb4 21.
Nxe4 Nxe4 22. Qxe4 Bd5 23. Qb1 a5 24. Qd3 Qe7 25. Qc3 Qd7 26. Rab1 Re7 27. Rb6
Qe6 28. Rcb1 Ra7 29. Qc5 Be4 30. R1b5 Ra8 31. Rxb7 Rxb7 32. Rxb7 Qg4 33. f3
Bxf3 34. Rxf7 Bd5 35. Rf4 Qd1 36. e4 Bg8 37. Qxc6 Qxd4+ 38. Kh1 Rb8 39. Bb5 Qe3
40. Rf1 Bh7 41. Qc7 Rg8 42. Qxa5 Bxe4 43. Qb4 Rd8 44. Qe1 Qd4 45. h3 Rc8 46.
Qf2 0-1

[Event "Olimpiada Dresden 2008 Femenina"]
[Site "Dresden GER"]
[Date "2008.11.19"]
[Round "6.35"]
[White "Misovic, Sanja"]
[Black "Safar, Reem"]
[Result "1-0"]
[WhiteElo "1937"]
[BlackElo "1719"]
[PlyCount "88"]
[EventDate "2008.11.13"]
[EventType "team-tourn"]
[EventRounds "11"]
[EventCountry "GER"]
[Source "lmi"]
[SourceDate "2008.11.13"]
[WhiteTeam "MNE"]
[BlackTeam "Qatar"]
[BlackTeamCountry "QAT"]

1. e4 c5 2. Nf3 g6 3. g3 Bg7 4. Bg2 Nf6 5. Qe2 Nc6 6. c3 d6 7. O-O Bg4 8. h3
Bxf3 9. Bxf3 O-O 10. Bg2 Rb8 11. d3 b5 12. f4 Qc7 13. Qf3 Nd7 14. a3 a5 15. Be3
Rfc8 16. Qf2 b4 17. d4 bxc3 18. bxc3 cxd4 19. cxd4 e6 20. Ra2 Rb3 21. e5 Ne7
22. Nd2 Rbb8 23. g4 Nd5 24. Ne4 Nxe3 25. Qxe3 dxe5 26. fxe5 Qa7 27. Qf2 Nb6 28.
Nd6 Rf8 29. g5 Nc8 30. Ne4 Ne7 31. Nc5 Nf5 32. Be4 Rfd8 33. Bxf5 gxf5 34. Rc2
Rd5 35. Rc4 Rbd8 36. Rb1 Bf8 37. Rb7 Qa8 38. Rc7 Bxc5 39. R7xc5 Rxc5 40. Rxc5
Qe4 41. Rc4 Rb8 42. Rc1 Rb3 43. g6 hxg6 44. Re1 Qd3 1-0

[Event "Olimpiada Dresden 2008 Femenina"]
[Site "Dresden GER"]
[Date "2008.11.19"]
[Round "6.36"]
[White "Lang, Heather"]
[Black "Matoussi, Amina"]
[Result "1-0"]
[WhiteElo "2063"]
[BlackElo "1761"]
[PlyCount "59"]
[EventDate "2008.11.13"]
[EventType "team-tourn"]
[EventRounds "11"]
[EventCountry "GER"]
[Source "lmi"]
[SourceDate "2008.11.13"]
[WhiteTeam "Escocia"]
[BlackTeam "Túnez"]
[WhiteTeamCountry "SCO"]
[BlackTeamCountry "TUN"]

1. e4 e5 2. Nf3 Nf6 3. Nxe5 d6 4. Nf3 Nxe4 5. Nc3 Nxc3 6. dxc3 Be7 7. Bf4 Nd7
8. Qd2 O-O 9. O-O-O Nc5 10. h4 Bf6 11. Ng5 h6 12. f3 Ne6 13. Nxe6 Bxe6 14. Kb1
Re8 15. Qf2 Qd7 16. Be3 h5 17. Bd4 Qe7 18. Bd3 c5 19. Bxf6 Qxf6 20. Be4 Rad8
21. Rhe1 b5 22. Qg3 Bf5 23. Bxf5 Rxe1 24. Qxe1 Qxf5 25. Qe7 Qd7 26. Qg5 g6 27.
g4 hxg4 28. fxg4 Re8 29. h5 Re5 30. Qxe5 1-0

[Event "Olimpiada Dresden 2008 Femenina"]
[Site "Dresden GER"]
[Date "2008.11.19"]
[Round "6.37"]
[White "Segarra Choer, Tammy"]
[Black "Malikgulyewa, Aykamar"]
[Result "0-1"]
[WhiteElo "1819"]
[BlackElo "2051"]
[PlyCount "73"]
[EventDate "2008.11.13"]
[EventType "team-tourn"]
[EventRounds "11"]
[EventCountry "GER"]
[Source "lmi"]
[SourceDate "2008.11.13"]
[WhiteTeam "Puerto Rico"]
[BlackTeam "Turkmenistán"]
[WhiteTeamCountry "PUR"]
[BlackTeamCountry "TKM"]

1. e4 c5 2. Nf3 d6 3. d4 Nf6 4. Nc3 cxd4 5. Nxd4 a6 6. Be3 Nc6 7. h3 e6 8. g4
Be7 9. Bg2 Qc7 10. f4 O-O 11. O-O Nd7 12. Qd2 Nxd4 13. Bxd4 Re8 14. Rad1 Bf8
15. Kh1 b5 16. Ne2 Bb7 17. Ng3 e5 18. Bc3 exf4 19. Rxf4 Ne5 20. Rdf1 f6 21.
R4f2 Rac8 22. g5 fxg5 23. Qxg5 Be7 24. Qf5 Bh4 25. Qf4 Bxg3 26. Qxg3 Rf8 27.
Rf5 Rce8 28. Qf2 Qe7 29. Bb4 Ng6 30. Qg3 Bxe4 31. Rxf8+ Rxf8 32. Rxf8+ Nxf8 33.
Qxd6 Bxg2+ 34. Kxg2 Qe2+ 35. Kg1 Qe3+ 36. Kg2 Qe2+ 37. Kg1 0-1

[Event "Olimpiada Dresden 2008 Femenina"]
[Site "Dresden GER"]
[Date "2008.11.19"]
[Round "6.37"]
[White "Hallaeva, Bahar"]
[Black "Sanchez Rodriguez, Wilmairi"]
[Result "1-0"]
[WhiteElo "2119"]
[BlackElo "1773"]
[PlyCount "84"]
[EventDate "2008.11.13"]
[EventType "team-tourn"]
[EventRounds "11"]
[EventCountry "GER"]
[Source "lmi"]
[SourceDate "2008.11.13"]
[WhiteTeam "Turkmenistán"]
[BlackTeam "Puerto Rico"]
[WhiteTeamCountry "TKM"]
[BlackTeamCountry "PUR"]

1. d4 e6 2. c4 Nf6 3. Nf3 Bb4+ 4. Bd2 c5 5. Bxb4 cxb4 6. a3 bxa3 7. Rxa3 Nc6 8.
Nc3 O-O 9. e3 d6 10. Be2 e5 11. O-O h6 12. h3 Bf5 13. Qb3 Qb8 14. Rd1 Re8 15.
Nd5 Nd7 16. Qc3 Ne7 17. Nxe7+ Rxe7 18. Rda1 b6 19. b4 Nf6 20. Qb2 Be4 21. Nd2
Bb7 22. Bd3 a6 23. e4 exd4 24. Qxd4 Qc7 25. f3 Ree8 26. Nf1 a5 27. Qc3 axb4 28.
Qxb4 Rxa3 29. Rxa3 Qc5+ 30. Qxc5 bxc5 31. Rb3 Bc6 32. Ne3 g6 33. Rb6 Rc8 34.
Nd5 Bxd5 35. cxd5 Rd8 36. Kf2 Kf8 37. Ke3 Ke7 38. Bb5 g5 39. Rb7+ Kf8 40. Bc6
Nh5 41. h4 Kg7 42. hxg5 hxg5 1-0

[Event "Olimpiada Dresden 2008 Femenina"]
[Site "Dresden GER"]
[Date "2008.11.19"]
[Round "6.37"]
[White "Basem-Hassan, Miriam"]
[Black "Isaeva, Aknyr"]
[Result "1-0"]
[WhiteElo "1935"]
[BlackElo "2063"]
[PlyCount "87"]
[EventDate "2008.11.13"]
[EventType "team-tourn"]
[EventRounds "11"]
[EventCountry "GER"]
[Source "lmi"]
[SourceDate "2008.11.13"]
[WhiteTeam "Puerto Rico"]
[BlackTeam "Turkmenistán"]
[WhiteTeamCountry "PUR"]
[BlackTeamCountry "TKM"]

1. e4 c5 2. Nc3 Nc6 3. g3 g6 4. Bg2 Bg7 5. d3 d6 6. Be3 Nf6 7. h3 O-O 8. Nge2
e6 9. Qd2 Re8 10. O-O a6 11. Rae1 Rb8 12. f4 Qa5 13. g4 Ne7 14. Ng3 Qc7 15. Qf2
Rf8 16. g5 Ne8 17. h4 b5 18. h5 b4 19. Nd1 f5 20. d4 cxd4 21. Bxd4 Bxd4 22.
Qxd4 Qxc2 23. Ne3 Qc5 24. Qxc5 dxc5 25. Rc1 Rb5 26. Rfd1 Ng7 27. exf5 exf5 28.
hxg6 hxg6 29. Kf2 Ra5 30. Bf1 Be6 31. Rd2 Rc8 32. b3 Kf8 33. Bc4 Rc6 34. Bxe6
Rxe6 35. Nc4 Rb5 36. Rd8+ Ne8 37. Rh1 Kf7 38. Rh7+ Kf8 39. Rh8+ Ng8 40. Ne5 Rb7
41. Rh1 Rc7 42. Rhd1 Ke7 43. R8d7+ Rxd7 44. Rxd7+ 1-0

[Event "Olimpiada Dresden 2008 Femenina"]
[Site "Dresden GER"]
[Date "2008.11.19"]
[Round "6.41"]
[White "Boric, Elena"]
[Black "Sammalvuo, Niina"]
[Result "1/2-1/2"]
[WhiteElo "2292"]
[BlackElo "2248"]
[PlyCount "70"]
[EventDate "2008.11.13"]
[EventType "team-tourn"]
[EventRounds "11"]
[EventCountry "GER"]
[Source "lmi"]
[SourceDate "2008.11.13"]
[WhiteTeam "Bosnia Herzegovina"]
[BlackTeam "Finlandia"]
[WhiteTeamCountry "BIH"]
[BlackTeamCountry "FIN"]

1. d4 Nf6 2. Nf3 d6 3. c4 Nbd7 4. Nc3 c6 5. g3 g6 6. Bg2 Bg7 7. O-O O-O 8. Qc2
e5 9. dxe5 dxe5 10. h3 Re8 11. Rd1 Qc7 12. Bg5 e4 13. Bf4 Qa5 14. Ng5 e3 15.
Nge4 exf2+ 16. Nxf2 Nf8 17. a3 Qc5 18. Na4 Qe7 19. e4 N6d7 20. Rd2 Ne5 21. Rf1
Be6 22. Bxe5 Bxe5 23. Rd3 h5 24. Rf3 Nh7 25. Nd3 Bd4+ 26. Kh2 h4 27. g4 Rad8
28. Ne1 Ng5 29. Rd3 b5 30. cxb5 cxb5 31. Nc3 Bc4 32. Nd5 Qe5+ 33. Kh1 Nxe4 34.
Nf4 Bxd3 35. Nexd3 Ng3+ 1/2-1/2

[Event "Olimpiada Dresden 2008 Femenina"]
[Site "Dresden GER"]
[Date "2008.11.19"]
[Round "6.41"]
[White "Dedijer, Sanja"]
[Black "Uusitupa, Erika"]
[Result "1-0"]
[WhiteElo "2049"]
[BlackElo "1702"]
[PlyCount "102"]
[EventDate "2008.11.13"]
[EventType "team-tourn"]
[EventRounds "11"]
[EventCountry "GER"]
[Source "lmi"]
[SourceDate "2008.11.13"]
[WhiteTeam "Bosnia Herzegovina"]
[BlackTeam "Finlandia"]
[WhiteTeamCountry "BIH"]
[BlackTeamCountry "FIN"]

1. e4 e6 2. d4 d5 3. Nc3 Bb4 4. exd5 exd5 5. Bd3 Nc6 6. a3 Ba5 7. Be3 Nf6 8.
Nge2 Bg4 9. O-O Qd7 10. f3 Bf5 11. Na4 Bxd3 12. Qxd3 Bb6 13. Nxb6 axb6 14. Bg5
Ng8 15. Ng3 f6 16. Bd2 Nge7 17. Rae1 Kf7 18. Re2 h5 19. Rfe1 h4 20. Nf1 Nf5 21.
c3 Nce7 22. Ne3 c6 23. Nxf5 Nxf5 24. Bf4 b5 25. h3 g6 26. Kf2 Ra4 27. Bh2 b6
28. Kg1 Raa8 29. Bf4 Rhe8 30. Kf2 c5 31. Rxe8 Rxe8 32. Rxe8 Kxe8 33. dxc5 bxc5
34. Be3 Qc6 35. Bf4 Kf7 36. b3 c4 37. bxc4 Qxc4 38. Qxc4 dxc4 39. Ke2 Ne7 40.
Kd2 Nd5 41. Be3 Ke6 42. Bf2 g5 43. g3 hxg3 44. Bxg3 Kf5 45. Bb8 Kg6 46. Bg3 Kh5
47. Be1 Nf4 48. Ke3 Ng2+ 49. Kd4 Nxe1 50. Kc5 Nc2 51. Kxb5 Nxa3+ 1-0